00537 2200169 4500245004300000020002200043250001100065100002000076650001600096005001900112260004200131041001400173084000800187300002300195500014000218336000900358 aEverything I DocAnjar AnastasiahText a978-602-03-1390-0 aCet. 1 aAnjar Anastasia aNovel Fiksi a20240520102818 aJakartabGramedia Pustaka Utamac2015 aIndonesia a813 a184 hlm. :c20 cm. aCowok itu mengulurkan tangan. ''Kenalin, gue Dixon. Gue baru nyampe Bandung.Yah...setelah lima tahunan tinggal dan sekolah di Kanada.'' atext